Velada necrológica en honor de Ramón Torelló y Borrás, celebrada el día 17 de diciembre de 1898 / (Registro nro. 164800)

Detalles MARC
000 -LEADER
campo de control de longitud fija 01023nam a22002295i 4500
001 - NÚMERO DE CONTROL
campo de control 164800
003 - IDENTIFICADOR DE NÚMERO DE CONTROL
campo de control ES-MaACL
005 - FECHA Y HORA DE LA ÚLTIMA TRANSACCIÓN
campo de control 20250826083218.0
008 - DATOS DE LONGITUD FIJA--INFORMACIÓN GENERAL
campo de control de longitud fija 050729s1899 sp | |||||||| ||spa d
040 ## - FUENTE DE CATALOGACIÓN
Centro catalogador/agencia de origen CAM
Lengua de catalogación spa
Centro/agencia transcriptor CAM
100 1# - ENTRADA PRINCIPAL--NOMBRE DE PERSONA
Nombre de persona Sard y de Roselló, Andrés de.
9 (RLIN) 132475
245 10 - MENCIÓN DEL TÍTULO
Título Velada necrológica en honor de Ramón Torelló y Borrás, celebrada el día 17 de diciembre de 1898 /
Mención de responsabilidad, etc. memorias leidas por Andrés de Sard y de Roselló y Juan Sallarés y Plá.
260 ## - PUBLICACIÓN, DISTRIBUCIÓN, ETC.
Lugar de publicación, distribución, etc. Barcelona :
Nombre del editor, distribuidor, etc. [s.n.],
Fecha de publicación, distribución, etc. 1899 (
Fabricante Tipografía Española)
300 ## - DESCRIPCIÓN FÍSICA
Extensión 73 p., [1] h. de lám. ;
Dimensiones 21 cm.
594 ## - Nota al título y mención de responsabilidad
Nota al título y mención de responsabilidad Precede al tit.: Fomento del Trabajo Nacional.
599 ## - NOTA A LAS ILUSTRACIONES
NOTA A LAS ILUSTRACIONES La h. de lám. fotografía del homenajeado.
600 14 - PUNTO DE ACCESO ADICIONAL DE MATERIA--NOMBRE DE PERSONA
Nombre de persona Torelló y Borrás, Ramón-
Subdivisión general Homenajes.
9 (RLIN) 133301
700 1# - ENTRADA AGREGADA--NOMBRE PERSONAL
Nombre de persona Sallarés y Pla, Juan.
9 (RLIN) 132338
710 2# - ENTRADA AGREGADA--NOMBRE DE ENTIDAD CORPORATIVA
Nombre de entidad corporativa o nombre de jurisdicción como elemento de entrada Fomento del Trabajo Nacional (Cataluña)
9 (RLIN) 4136
852 ## - LOCALIZACIÓN
Ubicación ES-MaACL
Número de control de estantería T-813-F-3
Nota libre -- Enc. hol. conservando la cub. original
-- -- Enc. en un vol. facticio
Existencias
Estatus retirado Estado de pérdida Estado de daño No para préstamo Colección Biblioteca de origen Biblioteca actual Ubicación en estantería Fecha de adquisición Total de préstamos Signatura topográfica completa Código de barras Visto por última vez Precio de reemplazo Tipo de ítem Koha
        Colección de folletos Biblioteca del Ateneo de Madrid Biblioteca del Ateneo de Madrid Depósito folletos 17/01/2008   T-813-F-3 1172758 23/02/2023 23/02/2023 Folleto